000 00531nam a2200229Ia 4500
003 IT-RoPAU
008 120407s9999 xx 000 0 und d
040 _aIT-RoPAU
040 _cIT-RoPAU
041 _aita
100 _aYves Raguin
245 _aLa sorgente. La meditazione orientale e l’esperienza mistica cristiana
250 _aCinisello Balsamo
260 _aEdizioni Paoline
260 _c1990
300 _a106 p.
300 _c18 cm
490 _aFermenti
490 _v43
942 _cBK
999 _c24189
_d24189